000 00495nam a2200157 i 4500
001 50990
003 ES-MaACL
005 20230906162255.0
007 t|
008 030807s1979 ch ||||1| eng d
100 1 _aChang, Chen-pong.
_937963
245 1 3 _aAn anatomy of Chinese Communist peaceful united front intrigue toward Taiwan /
_cby Chang Chen-pong.
260 _a[Taiwan] :
_bWorld Anti-Communist League,
_c[1979]
300 _a33 p. ;
_c19 cm.
852 _aES-MaACL
_j2097-F-22
_bR.99439
999 _c50990
_d50990